000 00913cam a2200277 i 4500
999 _c130072
_d130072
001 3706247
003 ARRUPE
005 20191121092455.0
008 790905m19781980ru di 000 0 eng
010 _a 79312900
015 _aUSSR***
040 _aDLC
_cDLC
_dDLC
043 _ae-ur---
050 0 0 _aDK254.L3
_bA212
082 0 0 _a335.43/092/4
_219
100 _aLenin, Vladimir ilich
_948795
245 0 0 _a V. I. Lenin, .
_bcollected works
_cVladimir Ilich Lenin
260 _aMoscow :
_bProgress Publishers,
_cc1972-1980.
300 _a44 v. ;
_c21 cm.
500 _aMissing volume 1
505 0 _apt. 1. Index of works. Name index.--pt. 2. Subject index.
600 1 0 _aLenin, Vladimir Ilʹich,
_d1870-1924
_xDictionaries
_xIndexes.
_948796
700 1 _aLenin, Vladimir Ilʹich,
_d1870-1924.
_tCollected works.
_948797
906 _a7
_bcbc
_corignew
_d3
_encip
_f19
_gy-gencatlg
942 _2lcc
_cMONOGRAPH